[Event "60th ch-RUS Higher League"]
[Site "Krasnoyarsk RUS"]
[Date "2007.09.05"]
[Round "3"]
[White "Kryakvin,D"]
[Black "Kostin,Alexe"]
[Result "1/2-1/2"]
[WhiteElo "2554"]
[BlackElo "2434"]

1.e4 c5 2.Nf3 e6 3.d4 cxd4 4.Nxd4 a6 5.Bd3 Nf6 6.O-O Qc7 7.c4 d6 8.Nc3 Nbd7
9.Be3 b6 10.f3 Bb7 11.a4 Be7 12.a5 O-O 13.Nb3 d5 14.cxd5 exd5 15.axb6 Nxb6
16.e5 Nfd7 17.f4 Nc4 18.Bd4 Nc5 19.Rf2 Ne6 20.Ne2 Nxd4 21.Nexd4 Rfc8 22.Bf5 Re8
23.Qg4 Bc8 24.Re1 Bxf5 25.Nxf5 Bf8 26.Nbd4 g6 27.b3 Nd6 28.Ne3 Ne4 29.Nxd5 Qa5
30.Rxe4 Qxd5 31.f5 Rxe5 32.fxg6 hxg6 33.Rxe5 Qxe5 34.Qf3 Qe8 35.Re2 Qd8 36.Rf2 Qe8
37.Re2 Qd8 38.Rf2 Qe8  1/2-1/2

[Event "Open"]
[Site "Peiraias GRE"]
[Date "2007.09.05"]
[Round "5"]
[White "Gazis,Ef"]
[Black "Managadze,N"]
[Result "0-1"]
[WhiteElo "2307"]
[BlackElo "2433"]

1.e4 c5 2.Nf3 e6 3.d4 cxd4 4.Nxd4 a6 5.Bd3 Qc7 6.c4 Nf6 7.Nc3 b6 8.Be3 Bb7
9.O-O d6 10.Rc1 Nbd7 11.f3 Be7 12.Rf2 O-O 13.b4 Rac8 14.Nb3 Qb8 15.Bf1 d5
16.cxd5 exd5 17.Nxd5 Nxd5 18.exd5 Bxb4 19.Rfc2 Rxc2 20.Qxc2 Bd6 21.Qf5 Re8
22.Bd4 Bxh2+ 23.Kh1 Nf8 24.Bxb6 Bf4 25.Rc4 Bxd5 26.Qxd5 Qxb6 27.Re4 Qh6+
28.Kg1 Bg3 29.Bc4 Qh2+ 30.Kf1 Qh1+ 31.Ke2 Qxg2+ 32.Kd1 Qxf3+ 33.Kc1 Rxe4  0-1

[Event "4th LGA Premium Cup"]
[Site "Nuernberg GER"]
[Date "2007.09.07"]
[Round "2"]
[White "Kogan,Ar"]
[Black "Meier,V"]
[Result "1-0"]
[WhiteElo "2569"]
[BlackElo "2256"]

1.e4 c5 2.Nf3 e6 3.d4 cxd4 4.Nxd4 a6 5.Bd3 Bc5 6.Nb3 Be7 7.Qg4 Bf6 8.N1d2 Nc6
9.Qg3 d6 10.O-O Nge7 11.Nc4 Ne5 12.Nxe5 dxe5 13.a4 b6 14.a5 bxa5 15.Nxa5 O-O
16.b4 Qc7 17.Be3 Ng6 18.Bc5 Be7 19.Qe3 Bxc5 20.Qxc5 Qxc5 21.bxc5 Ra7 22.Rfb1 Rc7
23.c6 Ne7 24.Rb6 g6 25.Rab1 f5 26.f3 Rd8 27.Bxa6 Bxa6 28.Rxa6 Kf8 29.Kf1 Rd6
30.Rb8+ Rc8 31.Rxc8+ Nxc8 32.Nb7 Rd2 33.Ra8  1-0

[Event "4th LGA Premium Cup"]
[Site "Nuernberg GER"]
[Date "2007.09.09"]
[Round "6"]
[White "Meier,Geo"]
[Black "Baeuml,U"]
[Result "1-0"]
[WhiteElo "2546"]
[BlackElo "2111"]

1.e4 c5 2.Nf3 e6 3.d4 cxd4 4.Nxd4 a6 5.Bd3 Qc7 6.O-O Nf6 7.Qe2 d6 8.c4 Be7
9.Nc3 O-O 10.f4 Nc6 11.Nxc6 Qxc6 12.e5 Nd7 13.exd6 Qxd6 14.Ne4 Qc7 15.Ng5 Nf6
16.Bd2 h6 17.Nf3 b6 18.Ne5 Bb7 19.Bc3 Rad8 20.Rad1 Kh8 21.Kh1 Bc5 22.Bc2 Rxd1
23.Rxd1 Kg8 24.b4 Be7 25.Re1 Bd6 26.Ng4 Nxg4 27.Qxg4 f5 28.Qg6 Bc8 29.Rxe6 Bxe6
30.Qxe6+ Rf7 31.c5 bxc5 32.Bb3 cxb4 33.Qe8+ Bf8 34.Bxb4 Qc1+ 35.Be1 Qc7 36.Bb4 Qc1+
37.Be1 Qc7 38.Bf2 Qe7 39.Qc6 Qd6 40.Qc4 Qg6 41.Bd4 Qh5 42.Qxa6 Kh7 43.Qe6  1-0

[Event "3rd Geller mem Open A"]
[Site "Odessa UKR"]
[Date "2007.09.09"]
[Round "2"]
[White "Smirnov,I UKR"]
[Black "Grinev,V"]
[Result "1-0"]
[WhiteElo "2423"]
[BlackElo "2242"]

1.e4 c5 2.Nf3 e6 3.d4 cxd4 4.Nxd4 a6 5.Bd3 Bc5 6.Nb3 Be7 7.Qg4 g6 8.Qe2 d6
9.O-O Nd7 10.Na3 Qc7 11.Nc4 b6 12.f4 Bb7 13.Bd2 h5 14.Bc3 Ngf6 15.e5 Nd5
16.exd6 Nxc3 17.bxc3 Bxd6 18.Bxg6 Bc5+ 19.Nxc5 Qxc5+ 20.Rf2 Bd5 21.Bd3 Rg8
22.Ne3 Bb7 23.f5 h4 24.fxe6 fxe6 25.Ng4 e5 26.h3 b5 27.a4 Qxc3 28.Re1 O-O-O
29.axb5 axb5 30.Bxb5 Rxg4 31.hxg4 h3 32.Ba6 hxg2 33.Bxb7+ Kxb7 34.Qf3+ Qxf3
35.Rxf3 Rg8 36.Re4 Kc6 37.Kxg2 Kd5 38.Rb4 Kc5 39.Ra4 Nb6 40.Ra5+ Kb4 41.Rxe5 Rxg4+
42.Kf2 Kc4 43.Re6 Nd5 44.Rc6+ Kb5 45.Rc8 Nb4 46.Rb3 Rc4 47.Rc3 Rh4 48.Kg3 Rd4
49.Rb8+ Ka4 50.Rc7 Ka5 51.Ra7+ Na6 52.Rb2 Rd6 53.Kf4 Rb6 54.Ra2+ Kb5 55.c4+  1-0

[Event "60th ch-RUS Higher League"]
[Site "Krasnoyarsk RUS"]
[Date "2007.09.11"]
[Round "8"]
[White "Romanov,E"]
[Black "Smirnov,P"]
[Result "0-1"]
[WhiteElo "2521"]
[BlackElo "2636"]

1.e4 c5 2.Nf3 e6 3.d4 cxd4 4.Nxd4 a6 5.Bd3 Bc5 6.Nb3 Ba7 7.Qe2 Nc6 8.Be3 Bxe3
9.Qxe3 Nf6 10.Nc3 O-O 11.e5 Ng4 12.Qh3 f5 13.exf6 Nxf6 14.O-O-O d5 15.g4 Qc7
16.Rhg1 Nb4 17.Kb1 e5 18.Qh4 Nxd3 19.Rxd3 d4 20.g5 Ne8 21.Nd5 Qd6 22.Nxd4 Qxd5
23.g6 h6 24.Nf5 Qe6 25.Nxh6+ gxh6 26.Qxh6 Qe7 27.g7 Nxg7 28.Rdg3 Rf7 29.Rg5 Qf8
30.Rh5 Rxf2 31.Qh7+ Kf7 32.Qg6+ Ke7 33.Rxe5+ Be6 34.Ree1 Rc8 35.Qh6 Rf7 36.Qg5+ Kd7
37.Rd1+ Kc7 38.Qe5+ Kb6 39.Rxg7 Rxg7 40.Qd4+ Qc5  0-1

[Event "3rd Geller mem Open A"]
[Site "Odessa UKR"]
[Date "2007.09.13"]
[Round "6"]
[White "Kachur,A"]
[Black "Lutsko,I"]
[Result "0-1"]
[WhiteElo "2284"]
[BlackElo "2418"]

1.e4 c5 2.Nf3 e6 3.d4 cxd4 4.Nxd4 a6 5.Bd3 g6 6.c4 Bg7 7.Be3 d6 8.Nc3 Nf6
9.O-O Nbd7 10.Rc1 b6 11.f3 Bb7 12.Qd2 Rc8 13.Bh6 O-O 14.Bxg7 Kxg7 15.Be2 Qe7
16.Rfd1 Rfd8 17.Nc2 Ne5 18.Ne3 Ba8 19.Kh1 Qa7 20.Bf1 h6 21.Qf2 Qb8 22.Rc2 Bc6
23.a4 Ned7 24.b4 Ne8 25.Rb1 Bb7 26.Rcb2 Qc7 27.Qd2 Ne5 28.Qd4 Kg8 29.Rc2 Nc6
30.Qd2 Qe7 31.Qf2 Nf6 32.Rd2 Rb8 33.f4 h5 34.Bd3 Qf8 35.b5 Na5 36.f5 Qg7
37.Rdb2 Rbc8 38.fxe6 fxe6 39.Rc2 Nd7 40.Qh4 Ne5 41.Be2 Rd7 42.bxa6 Bxa6 43.Rxb6 Bxc4
44.Nb5  0-1

[Event "LNA Copa Puma"]
[Site "Argentina ARG"]
[Date "2007.09.15"]
[Round "6"]
[White "Pedro,F"]
[Black "Juarez,CE"]
[Result "0-1"]
[WhiteElo "2180"]
[BlackElo "2146"]

1.e4 c5 2.Nf3 e6 3.d4 cxd4 4.Nxd4 a6 5.Bd3 Bc5 6.Nb3 Be7 7.O-O d6 8.Qe2 Nd7
9.Nc3 Ngf6 10.f4 Qc7 11.Bd2 b6 12.Rae1 e5 13.f5 h5 14.a4 Bb7 15.Qf3 Bc6 16.a5 b5
17.Na2 d5 18.Nc3 dxe4 19.Nxe4 Rc8 20.Re2 O-O 21.Kh1 Nxe4 22.Bxe4 Bxe4 23.Rxe4 Nf6
24.Re2 e4 25.Qh3 Qxc2 26.Rfe1 Rfd8 27.Bb4 Qc4 28.Bd2 Rd3 29.Re3 Qxb3 30.Rxd3 exd3  0-1

[Event "Vados IM"]
[Site "Arad ROM"]
[Date "2007.09.22"]
[Round "3"]
[White "Butunoi,A"]
[Black "Petre,NT"]
[Result "0-1"]
[WhiteElo "2374"]
[BlackElo "2387"]

1.e4 c5 2.Nf3 e6 3.d4 cxd4 4.Nxd4 a6 5.Bd3 Nf6 6.Nc3 Qb6 7.Nb3 Qc7 8.f4 d6
9.g4 h6 10.Qf3 b5 11.Bd2 Bb7 12.O-O-O Nbd7 13.a3 Rc8 14.Qh3 d5 15.exd5 Nxd5
16.Rhf1 Bxa3 17.Kb1 Be7 18.g5 b4 19.Ne4 g6 20.Rde1 h5 21.Nd4 Qb6 22.Nxe6 fxe6
23.Nf6+ N7xf6 24.gxf6 Nxf6 25.Rxe6 Rc6 26.Bxg6+ Kf8 27.Re5 Rc7 28.Be3 Qd6
29.Re1 b3 30.c3 Ng4 31.Rf5+ Kg7 32.Bd4+ Kxg6 33.Qd3 Kh6 34.h3 Nf6 35.Rg1 Be4
36.Qxe4 Nxe4 37.Bg7+ Kh7 38.Rxh5+ Kg8 39.Be5+ Kf7 40.Bxd6 Rxh5 41.Bxc7 Rxh3  0-1

[Event "Highlands Open A"]
[Site "Zdar nad Sazavou CZE"]
[Date "2007.09.24"]
[Round "3"]
[White "Talla,V"]
[Black "Zpevak,P"]
[Result "1/2-1/2"]
[WhiteElo "2430"]
[BlackElo "2423"]

1.e4 c5 2.Nf3 e6 3.d4 cxd4 4.Nxd4 a6 5.Bd3 Nf6 6.O-O Qc7 7.Qe2 d6 8.c4 g6
9.Nc3 Bg7 10.Rd1 O-O 11.Nf3 Nbd7 12.Bc2 b6 13.Bf4 Ne8 14.Qd3 Nc5 15.Qe2 Bb7
16.b4 Nd7 17.Bb3 Ndf6 18.Qd3 Nh5 19.Bd2 Nef6 20.Rac1 Ng4 21.h3 Ne5 22.Nxe5 Bxe5
23.Bh6 Rfd8 24.Qe3 Rab8 25.Ne2 Qc6 26.f3 Bh8 27.Nd4 Qe8 28.Rc2 Bg7 29.Bxg7 Nxg7
30.Rcd2 Qe7 31.Ne2 Bc6 32.Nc3  1/2-1/2

[Event "Open"]
[Site "Miami USA"]
[Date "2007.09.26"]
[Round "1"]
[White "Bady,G"]
[Black "Kleiman,J"]
[Result "1-0"]
[WhiteElo "2185"]
[BlackElo "2312"]

1.e4 c5 2.Nf3 e6 3.d4 cxd4 4.Nxd4 a6 5.Bd3 Ne7 6.Nc3 Nbc6 7.Nf3 Ng6 8.O-O Bc5
9.Qe2 Qc7 10.g3 b5 11.Be3 Qb6 12.Bxc5 Qxc5 13.a4 b4 14.Nd1 d6 15.Ne3 O-O
16.Nc4 Nge5 17.Rfd1 Bb7 18.Nfxe5 Nxe5 19.Nxe5 Qxe5 20.Qe3 Rab8 21.b3 Kh8
22.f4 Qc3 23.Kf2 d5 24.e5 Rbc8 25.Rac1 f6 26.Re1 Rf7 27.Kg1 f5 28.h3 Rfc7
29.Rcd1 a5 30.Rd2 h6 31.Rde2 Rc6 32.Qa7  1-0

[Event "Magistral ITT ENDESA"]
[Site "Santiago CHI"]
[Date "2007.09.28"]
[Round "3"]
[White "Velasquez,C"]
[Black "Michel Yunis,C"]
[Result "1/2-1/2"]
[WhiteElo "2282"]
[BlackElo "2368"]

1.e4 c5 2.Nf3 e6 3.d4 cxd4 4.Nxd4 a6 5.Bd3 Qc7 6.O-O Nf6 7.c4 d6 8.Nc3 g6
9.Be3 Bg7 10.f4 O-O 11.f5 Re8 12.g4 exf5 13.gxf5 Nbd7 14.Rc1 Nc5 15.b4 Nxd3
16.Qxd3 Ng4 17.Nd5 Qd8 18.Bf4 Ne5 19.Qd2 Nc6 20.Nxc6 bxc6 21.f6 cxd5 22.fxg7 dxe4
23.Bg5 Qd7 24.Rc3 Bb7 25.Qf4 Re5 26.Qh4 Rae8 27.Re3 d5 28.cxd5 Rxd5 29.Rfe1 Qf5
30.Rg3 h5 31.Be3 Kxg7 32.Rf1 Qe6 33.Qf4 Rf5 34.Qh6+ Kg8 35.Rxf5 Qxf5 36.Bd4 Re5
37.Bxe5 Qxe5 38.Qd2 Qa1+ 39.Kf2 Qf6+ 40.Kg1 h4 41.Rc3 Qf5 42.Qd8+ Kg7 43.Qxh4 Qd5
44.Rh3 Qd1+ 45.Kf2 Qd2+ 46.Kg1 Qc1+ 47.Kg2 Qd2+ 48.Kf1 Qd1+  1/2-1/2

[Event "Open"]
[Site "Miami USA"]
[Date "2007.09.30"]
[Round "9"]
[White "Martinez,Marce"]
[Black "Bachmann,Ax"]
[Result "0-1"]
[WhiteElo "2386"]
[BlackElo "2466"]

1.e4 c5 2.Nf3 e6 3.d4 cxd4 4.Nxd4 a6 5.Bd3 Bc5 6.Nb3 Be7 7.O-O Nc6 8.Qe2 Qc7
9.f4 d6 10.Nc3 Nf6 11.Bd2 b5 12.a4 b4 13.Nd1 d5 14.e5 Nd7 15.Be3 O-O 16.Rf3 f5
17.Rh3 g6 18.a5 Rf7 19.Nf2 g5 20.Qh5 Nf8 21.Bb6 Qb8 22.Rg3 Rg7 23.Nd4 Bd7
24.Nxc6 Bxc6 25.Bd4 g4 26.Nxg4 fxg4 27.Rxg4 Be8 28.Rxg7+ Kxg7 29.Qg4+ Bg6
30.f5 exf5 31.Bxf5 Kf7 32.Rf1 Ke8 33.e6 Qd6 34.Bxg6+ hxg6 35.Rxf8+ Bxf8 36.Qxg6+ Kd8
37.Bf6+ Be7 38.Qg8+ Kc7 39.Qf7 Re8 40.Qxe8 Bxf6 41.b3 Qe7 42.Qg8 Bd4+ 43.Kh1 Qf6
44.Qf7+ Kd6 45.g3 Qxe6 46.Qf8+ Kc6 47.Kg2 Kb5 48.Qd8 Qc6 49.Kh3 Be5 50.Kg4 Bc7
51.Qg8 Kxa5 52.h4 Qd7+ 53.Kh5 Qf5+ 54.Kh6 Qxc2 55.Qxd5+ Kb6 56.g4 Qc6+ 57.Qxc6+ Kxc6
58.g5 a5 59.g6 Be5 60.g7 Bxg7+ 61.Kxg7 a4 62.bxa4 b3 63.h5 b2 64.h6 b1=Q
65.h7 Qg1+ 66.Kh8 Qg6 67.a5 Qf7  0-1

[Event "Open"]
[Site "Nelson NZL"]
[Date "2007.10.05"]
[Round "5"]
[White "Conquest,S"]
[Black "Johansen,D"]
[Result "1/2-1/2"]
[WhiteElo "2540"]
[BlackElo "2446"]

1.e4 c5 2.Nf3 e6 3.d4 cxd4 4.Nxd4 a6 5.Bd3 Qb6 6.c3 Nc6 7.Be3 Qc7 8.O-O Nf6
9.f4 Be7 10.Nd2 d6 11.Kh1 Bd7 12.Qf3 e5 13.Nf5 Bxf5 14.exf5 O-O 15.Ne4 exf4
16.Bxf4 Ne5 17.Bxe5 dxe5 18.Nxf6+  1/2-1/2

[Event "Magistral ITT ENDESA"]
[Site "Santiago CHI"]
[Date "2007.10.05"]
[Round "10"]
[White "Velasquez,C"]
[Black "Arancibia Guzman,E"]
[Result "1/2-1/2"]
[WhiteElo "2282"]
[BlackElo "2358"]

1.e4 c5 2.Nf3 e6 3.d4 cxd4 4.Nxd4 a6 5.Bd3 Nf6 6.O-O Qc7 7.Qe2 d6 8.c4 Be7
9.b3 O-O 10.Bb2 Nbd7 11.f4 b6 12.Nd2 Bb7 13.Rae1 g6  1/2-1/2

[Event "TCh-BEL 2007-8"]
[Site "Belgium BEL"]
[Date "2007.10.07"]
[Round "1"]
[White "Haberkorn,D"]
[Black "Israel,G"]
[Result "0-1"]
[WhiteElo "2133"]
[BlackElo "2165"]

1.e4 c5 2.Nf3 e6 3.d4 cxd4 4.Nxd4 a6 5.Bd3 Qc7 6.O-O Nf6 7.Kh1 h5 8.c3 Nc6
9.Na3 Bc5 10.Nac2 b5 11.Nxc6 dxc6 12.Qe2 e5 13.a4 Rb8 14.Bg5 Be7 15.Ne3 Ng4
16.Bxe7 Nxe3 17.Qxe3 Qxe7 18.axb5 axb5 19.Ra7 Rb7 20.Rfa1 O-O 21.Kg1 Rxa7
22.Rxa7 Qd6 23.Be2 Rd8 24.h4 Bg4 25.Bxg4 hxg4 26.Qg5 Qd1+ 27.Kh2 Qd2 28.Qf5 Qf4+
29.g3 Qxf5 30.exf5 Rd2 31.Kg1 Rxb2 32.Rc7 Rc2 33.Rxc6 b4 34.Rc5 b3 35.Kg2 b2
36.Rc8+ Kh7 37.Rb8 e4 38.c4  0-1

[Event "27th Open"]
[Site "Munich GER"]
[Date "2007.10.07"]
[Round "9"]
[White "Raykhman,A"]
[Black "Von Wantoch Rekowski,D"]
[Result "1-0"]
[WhiteElo "2089"]
[BlackElo "2242"]

1.e4 c5 2.Nf3 e6 3.d4 cxd4 4.Nxd4 a6 5.Bd3 d5 6.exd5 Qxd5 7.O-O Nd7 8.Be3 Ngf6
9.Nc3 Qa5 10.Re1 Be7 11.Bf4 O-O 12.Nf3 Nc5 13.Bf1 b5 14.Ne5 Bb7 15.a3 Rad8
16.Qc1 Qb6 17.Qe3 Bd6 18.Bg5 Bxe5 19.Qxe5 Ncd7 20.Qg3 Kh8 21.Qh4 h6 22.Re3 Nd5
23.Bxh6 f6 24.Rg3  1-0

[Event "3rd Arctic Cup"]
[Site "Salekhard RUS"]
[Date "2007.10.09"]
[Round "2"]
[White "Hrabusa,M"]
[Black "Borate,S"]
[Result "1-0"]
[WhiteElo "2304"]
[BlackElo "1918"]

1.e4 c5 2.Nf3 e6 3.d4 cxd4 4.Nxd4 a6 5.Bd3 Qc7 6.O-O d6 7.Be3 Nf6 8.c4 Nbd7
9.Nc3 Ne5 10.Rc1 b6 11.f3 Be7 12.b3 O-O 13.Bb1 Bb7 14.Kh1 Rfd8 15.Qe2 Rac8
16.Na4 Nfd7 17.f4 Nc6 18.Qf2 Nc5 19.Nc3 Bf6 20.Nxc6 Qxc6 21.b4 Nd7 22.Ne2 a5
23.b5 Qc7 24.Ng3 Nc5 25.Nh5 Qe7 26.Nxf6+ gxf6 27.Qh4 Rc7 28.Rf3 f5 29.Qh6 f6
30.Rg3+ Kh8 31.exf5 e5 32.Rd1 Rcd7 33.Rg6 Rg8 34.Bf2 Qf8 35.Rxg8+ Kxg8 36.Qxf8+ Kxf8
37.fxe5 dxe5 38.Bxc5+ Ke8 39.Rxd7 Kxd7 40.Bxb6 e4 41.c5 Bd5 42.c6+ Kc8 43.Bxa5 e3
44.Bd3 Bxa2 45.b6 Bd5 46.Ba6+  1-0

[Event "Open"]
[Site "Winterthur SUI"]
[Date "2007.10.11"]
[Round "7"]
[White "Zozulia,A"]
[Black "Hando,V"]
[Result "1-0"]
[WhiteElo "2347"]
[BlackElo "2194"]

1.e4 c5 2.Nf3 e6 3.d4 cxd4 4.Nxd4 a6 5.Bd3 Nf6 6.O-O Qc7 7.Nc3 Nc6 8.Nxc6 dxc6
9.a4 e5 10.Be3 Ng4 11.Bd2 Bc5 12.a5 Bb4 13.Nd5 cxd5 14.Bxb4 d4 15.c3 Bd7
16.Rc1 dxc3 17.Rxc3 Qd8 18.Be2 h5 19.h3 Qh4 20.Qd6 Bc6 21.hxg4 hxg4 22.Qxe5+ Kd7
23.Rd1+ Kc8 24.Qf5+ Kb8 25.Bd6+ Ka7 26.Qc5+ b6 27.Qxb6+  1-0

[Event "WJun Girls"]
[Site "Yerevan ARM"]
[Date "2007.10.12"]
[Round "9"]
[White "Melia,S"]
[Black "Gasik,An"]
[Result "1-0"]
[WhiteElo "2365"]
[BlackElo "2191"]

1.e4 c5 2.Nf3 e6 3.d4 cxd4 4.Nxd4 a6 5.Bd3 Bc5 6.Nb3 Ba7 7.Qe2 d6 8.Be3 Nc6
9.O-O Nf6 10.a4 Bxe3 11.Qxe3 b6 12.N1d2 O-O 13.Rfd1 Ne5 14.Be2 Qc7 15.Nd4 Bb7
16.Ra3 Rac8 17.Rc3 Qb8 18.Rb3 d5 19.Rxb6 dxe4 20.Qb3 Neg4 21.Nf1 Qf4 22.Qg3 Qxg3
23.Nxg3 Rc7 24.h3 Nh6 25.Bxa6 Bxa6 26.Rxa6 Rd8 27.Rc1 g6 28.Nb5 Rcd7 29.Nc3 Rd4
30.a5 Rb4 31.Rb6 Rxb6 32.axb6 Rb8 33.Na4 Nd5 34.c4 Nxb6 35.Nxb6 Rxb6 36.c5 Rb8
37.c6 Nf5 38.Nxf5 gxf5 39.c7 Rc8 40.b4 Kf8 41.b5  1-0

[Event "WJun Girls"]
[Site "Yerevan ARM"]
[Date "2007.10.15"]
[Round "12"]
[White "Lovece,R"]
[Black "Bolon,K"]
[Result "1-0"]
[WhiteElo "2010"]
[BlackElo "2103"]

1.e4 c5 2.Nf3 e6 3.d4 cxd4 4.Nxd4 a6 5.Bd3 Qc7 6.O-O Nf6 7.Kh1 d6 8.Be3 Be7
9.c4 O-O 10.Nc3 b6 11.f4 Bb7 12.Rc1 Re8 13.Qe1 Nbd7 14.b4 Bf8 15.Qh4 g6 16.Nf3 e5
17.f5 Bg7 18.Bh6 Bxh6 19.Qxh6 Qd8 20.Ng5 Qe7 21.Nd5 Bxd5 22.cxd5 Rec8 23.Rxc8+ Rxc8
24.Bxa6 Rc2 25.Bb5 Nf8 26.fxg6 fxg6 27.a4 Rb2 28.h3 Rxb4 29.Be8 Qg7 30.Bf7+ Kh8
31.Qh4 Rxa4 32.Be6 Qe7 33.Nf7+  1-0

[Event "WJun Girls"]
[Site "Yerevan ARM"]
[Date "2007.10.15"]
[Round "12"]
[White "Hakimifard,G"]
[Black "Gasik,An"]
[Result "0-1"]
[WhiteElo "2102"]
[BlackElo "2191"]

1.e4 c5 2.Nf3 e6 3.d4 cxd4 4.Nxd4 a6 5.Bd3 Nf6 6.c4 Nc6 7.Be3 Qc7 8.Nxc6 dxc6
9.O-O e5 10.Bd2 Bc5 11.Bc3 O-O 12.Nd2 Be6 13.Nf3 Bg4 14.h3 Bxf3 15.Qxf3 Rfd8
16.Bd2 Qd7 17.Rad1 Qxd3 18.Be3 Qxc4 19.Rc1 Qxe4 20.Rxc5 Qxf3 21.gxf3 Rd5
22.Rc3 Rb5 23.b3 Nd5 24.Rd3 f6 25.Bc1 Rc5 26.Rfd1 Kf7 27.a4 b5 28.Ba3 Rc2
29.R1d2 Rxd2 30.Rxd2 bxa4 31.bxa4 Rb8 32.Rd3 Ke6 33.Kh2 f5 34.Bc5 Rb2 35.Kg3 g6
36.Ba3 Rc2 37.Bf8 Rc3 38.Rd2 e4 39.Re2 Rxf3+ 40.Kh2 Rxh3+  0-1

[Event "TCh-ROU Superliga"]
[Site "Predeal ROU"]
[Date "2007.10.17"]
[Round "5"]
[White "Parligras,M"]
[Black "Itkis,B"]
[Result "1-0"]
[WhiteElo "2553"]
[BlackElo "2436"]

1.e4 c5 2.Nf3 e6 3.d4 cxd4 4.Nxd4 a6 5.Bd3 Nf6 6.O-O d6 7.c4 b6 8.Nc3 Bb7
9.f4 Be7 10.Be3 Nbd7 11.Qf3 g6 12.Rac1 Rc8 13.b3 Qc7 14.Bb1 Qb8 15.Bd2 Qa7
16.Kh1 b5 17.Be3 b4 18.Nc6 Qa8 19.Nxb4 a5 20.Nbd5 exd5 21.exd5 O-O 22.Bd4 Ne8
23.Ne4 Nef6 24.Ng5 Rce8 25.Qh3 Bd8 26.f5 Re5 27.Bxe5 dxe5 28.fxg6 fxg6 29.Qh6 e4
30.Bxe4 Ne5 31.Rxf6 Rxf6 32.Qxh7+ Kf8 33.Qh8+ Ke7 34.Qg7+ Ke8 35.Re1 Be7
36.d6  1-0

[Event "TCh-ROU Superliga"]
[Site "Predeal ROU"]
[Date "2007.10.20"]
[Round "8"]
[White "Timoshenko,G"]
[Black "Thesing,M"]
[Result "1-0"]
[WhiteElo "2544"]
[BlackElo "2393"]

1.e4 c5 2.Nf3 e6 3.d4 cxd4 4.Nxd4 a6 5.Bd3 Nf6 6.O-O Qc7 7.c4 Nc6 8.Nf3 Ng4
9.Nbd2 Bd6 10.g3 b6 11.b3 Bb7 12.Bb2 f6 13.Be2 Bc5 14.a3 a5 15.Nb1 Nge5 16.Nc3 Nxf3+
17.Bxf3 Qd6 18.Qxd6 Bxd6 19.Nb5 Be5 20.Ra2 Bxb2 21.Rxb2 Ke7 22.Rd1 Ne5 23.Bg2 g5
24.h3 h5 25.f4 gxf4 26.gxf4 Ng6 27.Rf2 Rhg8 28.Kh2 Nh4 29.Bh1 Bc6 30.Nd4 Rac8
31.Rfd2 Rcd8 32.Nxc6+ dxc6 33.Rxd8 Rxd8 34.Rxd8 Kxd8 35.f5 exf5 36.Kg3 Ng6
37.exf5 Ne5 38.Kh4 c5 39.Kxh5 a4 40.bxa4 Nxc4 41.Kg6 Ke7 42.h4 Kf8 43.h5 Ne3
44.h6 Kg8 45.Kxf6 c4 46.Be4 c3 47.Ke7 Ng4 48.h7+ Kh8 49.f6  1-0

[Event "ch-Euro Blitz"]
[Site "Ajaccio FRA"]
[Date "2007.10.25"]
[Round "12"]
[White "Landa,K"]
[Black "Massoni,M"]
[Result "1-0"]
[WhiteElo "2678"]
[BlackElo "2153"]

1.e4 c5 2.Nf3 e6 3.d4 cxd4 4.Nxd4 a6 5.Bd3 Qc7 6.O-O Nf6 7.Kh1 d6 8.c4 Nc6
9.Be3 g6 10.Nxc6 bxc6 11.Nc3 Bg7 12.Qd2 Rb8 13.b3 O-O 14.Bh6 Rd8 15.Bxg7 Kxg7
16.Rac1 Qe7 17.f4 d5 18.e5 Nd7 19.Na4 dxc4 20.Rxc4 c5 21.Qc2 Bb7 22.Be4 Bxe4
23.Qxe4 Nb6 24.Nxb6 Rxb6 25.Qe3 Rd5 26.Rfc1 Rc6 27.h3 Qc7 28.b4 Qd7 29.Rxc5 Rcxc5
30.bxc5 Qc6 31.Kh2 Kg8 32.Rc2 a5 33.Qc3 a4 34.Qc4 Rd1 35.Qb4 Ra1 36.Qd4 Rb1
37.h4 h5 38.Qd3 Re1 39.Qd8+ Kg7 40.Qd4 Re4 41.Qf2 Rb4 42.Qf3 Re4 43.Qd1  1-0

[Event "ch-Euro Blitz"]
[Site "Ajaccio FRA"]
[Date "2007.10.26"]
[Round "26"]
[White "Guliyev,N"]
[Black "Cvitan,O"]
[Result "0-1"]
[WhiteElo "2560"]
[BlackElo "2543"]

1.e4 c5 2.Nf3 e6 3.d4 cxd4 4.Nxd4 a6 5.Bd3 Nf6 6.O-O e5 7.Nf3 Nc6 8.Bg5 Bc5
9.Nc3 h6 10.Bxf6 Qxf6 11.Nd5 Qd8 12.c3 O-O 13.b4 Ba7 14.Nd2 d6 15.Nc4 Ne7
16.Nce3 Be6 17.Bc4 Rc8 18.Qd3 Bxe3 19.Nxe3 Qc7 20.Bxe6 fxe6 21.Rac1 b5 22.c4 Rfd8
23.h3 Qb7 24.a3 Nc6 25.cxb5 axb5 26.Rc3 Nd4 27.Rfc1 Rxc3 28.Rxc3 Rc8 29.Nd1 Rxc3
30.Nxc3 Qc6 31.Kf1 d5 32.f3 Kf7 33.f4 dxe4 34.Nxe4 Qc1+ 35.Kf2 Qxf4+ 36.Kg1 Qc1+
37.Kh2 Kg8 38.Qg3 Ne2 39.Qf2 Qf4+ 40.Qxf4 exf4 41.Nc5 Nd4 42.Kg1 Kf7 43.Kf2 e5
44.a4 bxa4 45.Nxa4 Nb5 46.Kf3 Ke6 47.Ke4 Nd6+ 48.Kd3 e4+ 49.Kd4 e3 50.Kd3 Nb5
51.Nc5+ Kd5 52.Nd7 Nd6 53.Nb6+ Kc6 54.Na4 Kb5 55.Nc3+ Kc6 56.Ne2 g5 57.Kd4 Kb5
58.Ke5 Kxb4 59.Kxd6 Kc4 60.Ke5 Kd3 61.Ng1 e2 62.Nf3 Ke3 63.Kf5 Kf2 64.Kg4 Kxg2
65.Ne1+ Kf2 66.Nd3+ Ke3 67.Ne1 Kd2 68.Nf3+ Kd1 69.h4 e1=Q 70.Nxe1 Kxe1  0-1

[Event "6th North Am FIDE Inv"]
[Site "Chicago USA"]
[Date "2007.10.29"]
[Round "3"]
[White "Robson,R"]
[Black "Chow,A"]
[Result "1-0"]
[WhiteElo "2368"]
[BlackElo "2214"]

1.e4 c5 2.Nf3 e6 3.d4 cxd4 4.Nxd4 a6 5.Bd3 Nf6 6.O-O Qc7 7.Qe2 d6 8.c4 g6
9.Nc3 Bg7 10.Nf3 Nc6 11.Bf4 Nd7 12.Rac1 O-O 13.Qe3 Nde5 14.Rfd1 Nxf3+ 15.Qxf3 Ne5
16.Qe3 Bd7 17.Be2 Bc6 18.Nd5 exd5 19.cxd5 Rfe8 20.b3 Qd7 21.dxc6 bxc6 22.Bg3 Rad8
23.h3 Qb7 24.f4 Bh6 25.Qf2 d5 26.fxe5 Bxc1 27.Rxc1 dxe4 28.Qe3  1-0

[Event "6th North Am FIDE Inv"]
[Site "Chicago USA"]
[Date "2007.11.03"]
[Round "9"]
[White "Chow,A"]
[Black "Pasalic,M"]
[Result "0-1"]
[WhiteElo "2214"]
[BlackElo "2407"]

1.e4 c5 2.Nf3 e6 3.d4 cxd4 4.Nxd4 a6 5.Bd3 Qc7 6.O-O Nf6 7.Qe2 d6 8.c4 Be7
9.Nc3 Nbd7 10.f4 Nc5 11.Bc2 e5 12.Nf5 Bxf5 13.exf5 h5 14.fxe5 dxe5 15.Bg5 Ncd7
16.Ba4 O-O-O 17.Bxd7+ Rxd7 18.Bxf6 gxf6 19.Rad1 Bc5+ 20.Kh1 Bd4 21.Ne4 Qb6
22.b3 Kb8 23.Rd3 Rdd8 24.Rh3 Qc6 25.Rh4 Bb6 26.Rd1 Rxd1+ 27.Qxd1 Rd8 28.Qxh5 Qd7
29.g3 Qd4 30.c5 Bxc5 31.Nxc5 Qa1+ 32.Kg2 Rd2+ 33.Kf3 Qf1+ 34.Ke4 Qe1+ 35.Kf3 Qe2+  0-1

[Event "VIII Int Rapid"]
[Site "El Sauzal ESP"]
[Date "2007.11.03"]
[Round "3"]
[White "Ramos,Vi"]
[Black "Strikovic,A"]
[Result "0-1"]
[WhiteElo "2190"]
[BlackElo "2551"]

1.e4 c5 2.Nf3 e6 3.d4 cxd4 4.Nxd4 a6 5.Bd3 Nf6 6.O-O d6 7.Kh1 g6 8.Bg5 Bg7
9.Nc3 b5 10.a3 Bb7 11.f4 O-O 12.Nb3 Nbd7 13.Qe2 Qc7 14.Rad1 h6 15.Bh4 Rfe8
16.Bf2 e5 17.Be3 d5 18.fxe5 Nxe4 19.Bxe4 dxe4 20.Qg4 Nxe5 21.Qh4 Qe7 22.Qh3 h5
23.Na5 Ng4 24.Nxb7 Qxb7 25.Nd5 Rad8 26.Nc3 Rxd1 27.Nxd1 Qc6 28.c3 Qc4 29.Re1 Qd3
30.Qg3 Be5 31.Bf4 Qxg3 32.Bxg3 Bxg3 33.hxg3 Rd8 34.Ne3 Nxe3 35.Rxe3 f5 36.Re2 Rd3
37.Kh2 Kf7 38.Rc2 Ke6 39.c4 bxc4 40.Rxc4 e3 41.Rc8 Kd7 42.Rc5  0-1

[Event "VIII Int Rapid"]
[Site "El Sauzal ESP"]
[Date "2007.11.04"]
[Round "6"]
[White "Rodriguez,Am"]
[Black "Trujillo,I"]
[Result "1-0"]
[WhiteElo "2481"]
[BlackElo "2148"]

1.e4 c5 2.Nf3 e6 3.d4 cxd4 4.Nxd4 a6 5.Bd3 Qc7 6.O-O Nc6 7.Nxc6 dxc6 8.f4 Bc5+
9.Kh1 Nf6 10.Nd2 Bd7 11.e5 Nd5 12.Ne4 Be7 13.a3 c5 14.c4 Nb6 15.Bd2 a5 16.Qg4 g6
17.Qe2 Bc6 18.Rad1 Ba4 19.Rc1 Nd7 20.Bc3 Rg8 21.Bc2 Bc6 22.Rcd1 Bxe4 23.Bxe4 O-O-O
24.Qc2 Nb8 25.Qa4 b6 26.Rc1 Qd7 27.Qb3 Qc7 28.Qb5 Qa7 29.h3 Rd7 30.b4 axb4
31.axb4 Qa6 32.Qxa6+ Nxa6 33.Ra1 Nb8  1-0

[Event "ch-IND w"]
[Site "Pune IND"]
[Date "2007.11.08"]
[Round "4"]
[White "Pon,N"]
[Black "Amrutha,M"]
[Result "1/2-1/2"]
[WhiteElo "2140"]
[BlackElo "2159"]

1.e4 c5 2.Nf3 e6 3.d4 cxd4 4.Nxd4 a6 5.Bd3 Nf6 6.O-O Qc7 7.Qe2 d6 8.c4 g6
9.Nc3 Bg7 10.Be3 Nbd7 11.Rac1 b6 12.f3 Bb7 13.Rfd1 O-O 14.Qf2 Rac8 15.b4 Qb8
16.Nb3 Rfe8 17.Bxb6 d5 18.Ba7 Qa8 19.cxd5 exd5 20.Bd4 dxe4 21.Nxe4 Bxe4 22.Rxc8 Qxc8
23.fxe4 Nxe4  1/2-1/2

[Event "TCh-HUN 2007-8"]
[Site "Budapest HUN"]
[Date "2007.11.11"]
[Round "2"]
[White "Dovzik,J"]
[Black "Papp,Ga"]
[Result "1/2-1/2"]
[WhiteElo "2375"]
[BlackElo "2489"]

1.e4 c5 2.Nf3 e6 3.d4 cxd4 4.Nxd4 a6 5.Bd3 Bc5 6.Nb3 Be7 7.Qg4 Bf6 8.Qe2 d6
9.c4 Nd7 10.O-O Ne7 11.a4 Nc6 12.a5 Nc5 13.N1d2 O-O 14.Nxc5 dxc5 15.Nb3 b6
16.Be3 Rb8 17.Rad1 Qc7 18.axb6 Rxb6 19.Bc2 Nd4 20.Nxd4 cxd4 21.Bc1 e5 22.b3 Be7
23.f4 f6 24.f5 g5 25.h4 gxh4 26.Bh6 Rf7 27.Rd3 Bf8 28.Qg4+ Kh8 29.Bxf8 Rxf8
30.Qxh4 Rg8 31.Rff3 Rg5 32.Rh3 Qg7 33.Rdg3 Bd7 34.c5 Rb8 35.Bd3 Rxb3 36.Rxg5 fxg5
37.Qh5 h6 38.Qxh6+ Qxh6 39.Rxh6+ Kg7 40.Rg6+ Kf8 41.Bc4 Rb1+ 42.Kf2 Bb5 43.c6 Bxc4
44.c7 Rb2+ 45.Ke1 Be6 46.Rxe6 Rc2 47.Rxe5 Rxc7 48.Rd5 Rc2 49.Kf1 g4 50.Rxd4 g3
51.Rd3 Rf2+ 52.Kg1 Re2 53.Rxg3 Rxe4 54.Rg6 a5 55.Ra6 Re5 56.g4 Re4 57.g5 Rg4+
58.Kf2 Rf4+  1/2-1/2

[Event "ch-IND w"]
[Site "Pune IND"]
[Date "2007.11.11"]
[Round "7"]
[White "Swathi,G"]
[Black "Sachdev,T"]
[Result "1/2-1/2"]
[WhiteElo "2316"]
[BlackElo "2413"]

1.e4 c5 2.Nf3 e6 3.d4 cxd4 4.Nxd4 a6 5.Bd3 Nf6 6.Qe2 d6 7.c4 Qc7 8.Nc3 g6
9.O-O Bg7 10.Nf3 Nc6 11.Bf4 e5 12.Be3 Bg4 13.Nd5  1/2-1/2